000 00627nam a2200181 i 4500
001 88626
003 ES-MaACL
007 t|
008 050105q1922 sp ||||1| fre d
100 1 _aLambert, J.
_969812
245 1 0 _aRévision des echinides fossiles de la Catalogne /
_cJ. Lambert.
260 _aBarcelona :
_b[s.n.,
_c1922?] (
_fImp. Elzeviriana)
300 _a2 v. ;
_c37 cm.
490 1 _aMemorias del Museo de Ciencias Naturales de Barcelona. Serie Geológica
830 0 _aMemorias del Museo de Ciencias Naturales de Barcelona. Serie Geológica
_9231837
852 _aES-MaACL
_jB-9704-5
999 _c88626
_d88626